Berge der Schweiz auf einer Karte - Statistiken

Allgemein
  • Dieses Quiz wurde 976 mal gespielt
  • Das Durchschnittsergebnis liegt bei 7 aus 20
Antworten auf der Karte
Die Antworten werden auf der Karte rot bzw. grün angezeigt, abhängig davon wie oft sie richtig erraten wurden.
 
Antwortstatistiken
Höhe Berg % Korrekt
4'478 Matterhorn
94%
4'158 Jungfrau
75%
4'634 Dufourspitze
70%
2'502 Säntis
58%
2'128 Tomlishorn
55%
4'049 Piz Bernina
53%
1'798 Rigi-Kulm
52%
4'545 Dom
43%
869 Uetliberg
31%
4'274 Finsteraarhorn
29%
3'614 Tödi
29%
3'238 Titlis
27%
3'312 Piz Buin
15%
4'527 Liskamm
11%
522 St. Chrischona
9%
3'402 Rheinwaldhorn
8%
3'692 Wetterhorn
8%
3'630 Dammastock
7%
2'306 Hinterrugg
4%
1'679 Mont Tendre
2%
Keine übereinstimmenden Quizze gefunden
Verteilung der Resultate
Anzahl Personen mit jedem Resultat
Perzentil nach korrekt beantworteten Fragen
Ihre Resultats-Entwicklung
Sie haben dieses Quiz noch nicht gespielt